000 01395nam a2200253Ia 4500
003 Ost
005 20260507074908.0
008 260507s9999||||xx |||||||||||||| ||und||
020 _a9957116819
040 _cfsecg
041 _aara
082 _a657
100 _aمطر، محمد عطية
_eمؤلف
245 0 _aمبادئ المحاسبة المالية :
_bالدورة المحاسبية /
_c محمد عطية مطر
250 _aطبعة 4
260 _aعمان:
_bدار وائل للنشر والتوزيع,
_c2007
300 _a382 صفحة؛
_bإيضاحات ؛
_c25 سم
504 _aببليوغرافيا: ص.377؛ ملاحق ص.355
520 _aلمحة عن المحاسبة ونشأتها، الإطار المفاهيمي أو النظري للمحاسبة، المقومات الأساسية للنظام المحاسبي، نظام القيد المزدوج، الدورة المحاسبية للعمليات المالية، النظم المحاسبية ذات الدفاتر المتعددة، مفهوم القيمة الحالية للتدفق النقدي المستقبلي وتطبيقاته العملية، التسويات الجردية، المحاسبة عن الإيرادات والمصروفات
653 _aالإدارة المالية
653 _aالمحاسبة
653 _aالمحاسبة -المالية
942 _cكتاب
999 _c41716
_d41716